000 00398nam a2200145Ia 4500
008 100204s9999 xx 000 0 und d
082 _b10384
100 _aशहा सुभाष
245 _aशर्यत
260 _b"आशा प्रकाशन, कोल्हापूर"
_c1987
300 _a82
630 _aशर्यत
730 _aशर्यत
942 _cBOOK
999 _c454820
_d454817